书目信息 |
| 题名: |
精细有机合成化学与工艺学
|
|
| 作者: | 唐培堃 , 冯亚青 主编 | |
| 分册: | ||
| 出版信息: | 北京 化学工业出版社 2006 |
|
| 页数: | 359页 | |
| 开本: | 26cm | |
| 丛书名: | ||
| 单 册: | ||
| 中图分类: | TQ202 | |
| 科图分类: | ||
| 主题词: | 精细化工--有机合成--高等学校--教材 , 精细化工 , 有机合成 | |
| 电子资源: | ||
| ISBN: | 7-5025-8906-6 | |
| 000 | 01009nam0 2200289 450 | |
| 001 | 012007914750 | |
| 005 | 20070619083924.48 | |
| 010 | @a7-5025-8906-6@dCNY38.00 | |
| 100 | @a20070515d2006 km y0chiy0120 ea | |
| 101 | 0 | @achi |
| 102 | @aCN@b110000 | |
| 105 | @ay z 000yy | |
| 106 | @ar | |
| 200 | 1 | @a精细有机合成化学与工艺学@Ajing xi you ji he cheng hua xue yu gong yi xue@f唐培堃,冯亚青主编@Ftang pei kun,feng ya qing zhu bian |
| 205 | @a2版 | |
| 210 | @a北京@c化学工业出版社@d2006 | |
| 215 | @a359页@d26cm | |
| 300 | @a普通高等教育“十一五”国家级规划教材面向21世纪课程教材 | |
| 330 | @a本书以单元反应为体系,在综述精细有同合成的理论和新技术的基础上分章讨论有关单元反应的理论、影响因素和生产工艺,并有苦干典型生产实例。 | |
| 606 | 0 | @a精细化工@x有机合成@x高等学校@j教材 |
| 606 | 0 | @a精细化工 |
| 606 | 0 | @a有机合成 |
| 690 | @aTQ202@v4 | |
| 701 | 0 | @a唐培堃@Atang pei kun@4主编 |
| 701 | 0 | @a冯亚青@Afeng ya qing@c(女)@4主编 |
| 801 | 0 | @aCN@bRULIN@c20070619 |
| 905 | @dTQ202@e22=2@s8 | |
| 精细有机合成化学与工艺学/唐培堃,冯亚青主编.-2版.-北京:化学工业出版社,2006 |
| 359页;26cm |
| 普通高等教育“十一五”国家级规划教材面向21世纪课程教材 |
| ISBN 7-5025-8906-6:CNY38.00 |
| 本书以单元反应为体系,在综述精细有同合成的理论和新技术的基础上分章讨论有关单元反应的理论、影响因素和生产工艺,并有苦干典型生产实例。 |
| ● |
| 相关链接 |
|
|
|
|
正题名:精细有机合成化学与工艺学
索取号:TQ202/22=2
 
预约/预借
| 序号 | 登录号 | 条形码 | 馆藏地/架位号 | 状态 | 备注 |
| 1 | 0574227 | 205742277 | 第二样本阅览室/ [索取号:TQ202/22=2] | 在馆 | |
| 2 | 0574228 | 205742286 | 密集书库/ [索取号:TQ202/22=2] | 在馆 | |
| 3 | 0574229 | 205742295 | 第三借阅区/ [索取号:TQ202/22=2] | 在馆 | |
| 4 | 0574230 | 205742302 | 第三借阅区/ [索取号:TQ202/22=2] | 在馆 | |
| 5 | 0574231 | 205742311 | 第三借阅区/ [索取号:TQ202/22=2] | 在馆 | |
| 6 | 0574232 | 205742320 | 密集书库/ [索取号:TQ202/22=2] | 在馆 | |
| 7 | 0574233 | 205742339 | 密集书库/ [索取号:TQ202/22=2] | 在馆 | |
| 8 | 0574234 | 205742348 | 第三借阅区/ [索取号:TQ202/22=2] | 在馆 |